000 00873nam0a2200289 4500
001 RU\NLR\BIBL_A\022717333
005 20260208063101.0
010 _91500
035 _a(NLR Aleph) 022717333
090 _a13546016
_c13546016
100 _a20260204d1958 m y0rusy50 ca
101 0 _atyv
_crus
102 _aRU
105 _aa z 000 y
181 0 _ai
_baxxe
182 0 _an
200 1 _aКажар сыын
_fК. Аракча
203 _aТекст
_bвизуальный
_cнепосредственный
210 _aКызыл
_cТываның ном үндүрер чери
_d1958
215 _a23, [1] с.
_cил.
_d20
541 1 _aМарал
_zrus
686 1 _aШ9(2)3=Тув-2
700 1 _aАракча
_bК. М.
_f1922-1993
_gКуулар Мунзукович
_4070
852 _aNLR
_bОНЛ
_jТув./2-424
942 _cBOOK
980 _aNB